000 01230nam0a22002891 4500
001 rc\3359533
005 20130115152740.2
021 _aRU
_b[69-88463]
035 _a(NLR Aleph) 007525008
090 _a7737341
_c7737341
100 _a20130115d1969 |||y0rusy50 ca
101 0 _arus
102 _aRU
105 _ay z |||||
200 1 _aЛечебное питание детей, больных сахарным диабетом
_fПод ред. д-ра мед. наук проф. М.А. Жуковского
_gИн-т эксперим. эндокринологии и химии гормонов Акад. мед. наук СССР
210 _aМосква
_c[Известия]
_d1969
215 _a207 с.
_d20
300 _aПеред загл. авт.: М.А. Жуковский, Е.Л. Белихова, В.С. Киреева и др.
606 _aДиабет сахарный у детей
_xЛечение диетой
_2psbo
701 1 _aБелихова
_bЕ. Л.
701 1 _aКиреева
_bВ. С.
701 1 _aЖуковский
_bМ. А.
_gМихаил Александрович
_4340
801 0 _aRU
_bNLR
_gpsbo
801 1 _aRU
_bELAR
_2rusmarc
852 _aNLR
_j69-3/7785
942 _cBOOK
980 _aNB